Statistiken für Größte Städte im Regierungsbezirk Köln

Klicken Sie hier um das Quiz zu spielen!

Allgemein

  • Dieses Quiz wurde 146 mal gespielt
  • Das Durchschnittsergebnis liegt bei 14 aus 30

Antwortstatistiken

#EinwohnerStadt% Korrekt
11.073.096Köln
100%
2331.885Bonn
90%
4163.851Leverkusen
83%
5111.645Bergisch Gladbach
78%
3249.070Aachen
76%
691.814Düren
64%
775.222Troisdorf
60%
1060.034Hürth
59%
2641.660Siegburg
59%
1158.754Euskirchen
54%
961.807Bergheim
50%
1652.155Frechen
50%
866.294Kerpen
47%
2343.998Brühl
46%
1455.563Sankt Augustin
41%
1751.126Gummersbach
40%
1849.667Erftstadt
36%
2147.400Hennef
36%
1554.805Pulheim
34%
1256.103Stolberg
34%
1948.435Bornheim
33%
2741.065Königswinter
33%
1355.784Eschweiler
32%
2542.888Heinsberg
26%
2443.492Erkelenz
19%
2938.694Niederkassel
19%
3038.480Würselen
19%
2246.290Herzogenrath
16%
2047.678Alsdorf
14%
2840.712Hückelhoven
9%

Verteilung der Resultate

Perzentil nach korrekt beantworteten Fragen

Anzahl Personen mit jedem Resultat

Ihre Resultats-Entwicklung

Sie haben dieses Quiz noch nicht gespielt